[Event "European Rapid Championship"]
[Site "Warsaw POL"]
[Date "2010.12.18"]
[Round "8"]
[White "Solys,L"]
[Black "Jakubowski,K"]
[Result "1/2-1/2"]
[WhiteElo "2323"]
[BlackElo "2502"]

1.d4 f5 2.Nf3 Nf6 3.g3 g6 4.Bg2 Bg7 5.O-O O-O 6.c4 d6 7.b3 Qe8 8.Bb2 a5 9.Nbd2 Nbd7
10.Qc2 e5 11.dxe5 dxe5 12.e4 f4 13.c5 Ra6 14.a3 h6 15.b4 g5 16.Rfe1 Ng4 17.h3 Nxf2
18.Kxf2 fxg3+ 19.Kg1 Qh5 20.Qb3+ Kh8 21.Nf1 Raf6 22.Nxg3 Rxf3 23.Bxf3 Rxf3
24.Nxh5 Rxb3 25.Re2 Rxh3 26.Nxg7 Kxg7 27.c6 bxc6 28.Rc1 axb4 29.axb4 c5 30.bxc5 c6
31.Rd2 Rg3+ 32.Kf2 Rb3 33.Bc3 Kf7 34.Rb2 Nxc5 35.Rxb3 Nxb3 36.Rh1 Nc5 37.Ke3 Nd7
38.Rxh6 Nf6 39.Rh8 Be6 40.Ra8 Nd7 41.Ba5 c5 42.Bd8 g4 43.Bh4 Bc4 44.Rc8 Bb5
45.Kf2 c4 46.Kg3 Ke6 47.Kxg4 Kd6 48.Kf3 Ba6 49.Ra8 Bb7 50.Ra5 c3 51.Bg5 c2
52.Bc1 Nf6 53.Ra4 Nxe4 54.Rxe4 Bxe4+ 55.Kxe4  1/2-1/2

[Event "Rilton Cup 2010-11"]
[Site "Stockholm SWE"]
[Date "2010.12.29"]
[Round "3"]
[White "Brynell,S"]
[Black "Logdahl,H"]
[Result "1-0"]
[WhiteElo "2492"]
[BlackElo "2257"]

1.d4 f5 2.g3 Nf6 3.Bg2 g6 4.Nf3 Bg7 5.O-O O-O 6.c4 d6 7.b3 h6 8.Bb2 g5 9.Nbd2 Qe8
10.e3 a5 11.a3 c6 12.Qc2 Nh5 13.d5 e5 14.dxe6 Bxe6 15.Bxg7 Nxg7 16.Nd4 Na6
17.Rad1 Qe7 18.Nb1 Nc5 19.Nc3 a4 20.b4 Nb3 21.Nxe6 Nxe6 22.Nxa4 Rxa4 23.Qxb3 Rfa8
24.Qd3 Qf6 25.Qxd6 Rd8 26.Qxe6+ Qxe6 27.Rxd8+ Kg7 28.Rfd1 Qxc4 29.Bf1 Qc2
30.R1d7+ Kf6 31.Rd6+ Ke7 32.R8d7+ Ke8 33.Rxb7 Qc3 34.Rxh6 Qe5 35.Rh8+  1-0

[Event "Rilton Cup 2010-11"]
[Site "Stockholm SWE"]
[Date "2011.01.05"]
[Round "9"]
[White "Olander,A"]
[Black "Ostling,H"]
[Result "1/2-1/2"]
[WhiteElo "1990"]
[BlackElo "2207"]

1.d4 f5 2.c4 Nf6 3.g3 g6 4.Bg2 Bg7 5.Nf3 O-O 6.O-O d6 7.Nc3 Nc6 8.d5 Na5
9.Nd2 c5 10.a3 Bd7 11.Qc2 Qc7 12.Nb5 Bxb5 13.cxb5 b6 14.b4 Nb7 15.Bb2 Rac8
16.Rfc1 Qd7 17.Qd3 Nd8 18.bxc5 dxc5 19.e4 fxe4 20.Nxe4 c4 21.Qd4 Qxb5 22.a4 Qd7
23.Bf1 Ne8 24.Qd2 Bxb2 25.Qxb2 Qxd5 26.Qe2 Nf7 27.Rxc4 Rd8 28.Nc3 Qg5 29.Re1 Ned6
30.Rg4 Qa5 31.Nb5 Nf5 32.Rd1 e5 33.h4 a6 34.Nc7 Nd4 35.Qe4 Rd6 36.h5 g5 37.Bc4 h6
38.Bd3 Rc8 39.Rc1 Qxa4 40.Qh7+ Kf8 41.Ne6+ Ke7 42.Rxc8 Qd1+ 43.Bf1 Nxe6 44.Rgc4 Qxh5
45.g4 Qh4 46.R4c7+ Nxc7 47.Rxc7+ Kd8 48.Qxf7 Qxg4+ 49.Kh1 Qe6 50.Qxe6 Rxe6
51.Ra7 h5 52.Kg2 Re7 53.Ra8+ Kc7 54.Kf3 Rf7+ 55.Ke3 Rf6 56.Bd3 Kd6 57.Rc8 Rf4
58.Rh8 Rh4 59.Rb8 Rh3+ 60.Ke2 Kc7 61.Re8 a5 62.Rxe5 a4 63.Re7+ Kb8 64.Re8+ Ka7
65.Re7+ Kb8 66.Re8+ Kb7  1/2-1/2

[Event "10th Praha Open A"]
[Site "Prague CZE"]
[Date "2011.01.08"]
[Round "2"]
[White "Netusil,M"]
[Black "Koziak,V"]
[Result "0-1"]
[WhiteElo "2278"]
[BlackElo "2464"]

1.d4 f5 2.Nf3 Nf6 3.g3 g6 4.Bg2 Bg7 5.O-O O-O 6.c4 d6 7.Nc3 Nc6 8.b3 Ne4
9.Bb2 e5 10.dxe5 Nxc3 11.Bxc3 dxe5 12.Qd5+ Kh8 13.Qxd8 Rxd8 14.Ng5 Re8 15.Bxc6 bxc6
16.Rfd1 Bf6 17.f4 Kg7 18.Kf2 exf4 19.Bxf6+ Kxf6 20.gxf4 h6 21.Nf3 g5 22.e3 Re4
23.Rd8 gxf4 24.exf4 Rxf4 25.Rad1 c5 26.Rf8+ Ke7 27.Rdd8 Rxf3+ 28.Ke2 Rh3
29.Rfe8+ Kf6 30.Rxc8 Rxh2+ 31.Kf3 Rxc8 32.Rxc8 Rxa2 33.Rxc7 h5 34.Kf4 Rf2+
35.Kg3 Rd2 36.Rxc5 Kg5 37.Ra5 h4+ 38.Kf3 Rd3+ 39.Kf2 Rxb3 40.Rxa7 Rc3 41.Ra4 Kg4
42.c5+ f4 43.Ra8 Rc2+ 44.Kg1 Rxc5 45.Ra3 f3 46.Ra8 h3 47.Rg8+ Rg5 48.Rf8 Kg3
49.Ra8 f2+ 50.Kf1 h2 51.Rh8 h1=Q+ 52.Rxh1 Re5  0-1

[Event "I Antonio Rocha Mem"]
[Site "Campinas BRA"]
[Date "2011.01.18"]
[Round "6.1"]
[White "Mareco,S"]
[Black "Rodriguez Vila,A"]
[Result "0-1"]
[WhiteElo "2627"]
[BlackElo "2511"]

1.d4 f5 2.c4 Nf6 3.g3 g6 4.Bg2 Bg7 5.Nf3 O-O 6.O-O d6 7.Nc3 c6 8.Rb1 Qc7
9.c5 h6 10.Qc2 g5 11.b4 Be6 12.h4 g4 13.Ne1 d5 14.Nd3 Qc8 15.Be3 Nh5 16.b5 Nd7
17.Qa4 Kh7 18.Rb3 Bf7 19.Rfb1 Bg6 20.R1b2 Be8 21.bxc6 bxc6 22.Rb7 Rf7 23.Nd1 Nb6
24.Qa6 Nc4 25.R2b4 e6 26.Nf4 Nxf4 27.Bxf4 Na5 28.Rxf7 Qxa6 29.Re7 Qxe2 30.Be5 Qxd1+
31.Bf1 Kg8 32.Rxg7+ Kf8 33.Rh7 Bf7 34.Rh8+ Bg8 35.Bf4 Kg7 36.Be5+ Kf7 37.Rxh6 Qd2
38.Rf6+ Ke7 39.Rb1 Qxa2 40.Rb4 Qd2 41.Ra4 Nc4 42.Bxc4 Qd1+  0-1

[Event "Jimmy Quon Memorial"]
[Site "Los Angeles USA"]
[Date "2011.01.22"]
[Round "6"]
[White "Stopa,Ja"]
[Black "Steinfl,A"]
[Result "1-0"]
[WhiteElo "2451"]
[BlackElo "2209"]

1.Nf3 f5 2.d4 Nf6 3.g3 g6 4.Bg2 Bg7 5.O-O O-O 6.c4 d6 7.Nc3 c6 8.Rb1 Ne4
9.Ne1 Nxc3 10.bxc3 e5 11.c5 exd4 12.cxd4 dxc5 13.Qb3+ Kh8 14.dxc5 Qe7 15.Nd3 Na6
16.Bf4 Re8 17.Bd6 Qe6 18.Qa4 Qf7 19.e3 Nc7 20.Rfd1 Nb5 21.Rxb5 cxb5 22.Qxb5 a6
23.Qa5 Qc4 24.Qc7 Qc2 25.Bf3 Be6 26.Qxb7 g5 27.Nb4 Qc4 28.Nd5 Qc2 29.Rf1 Bxd5
30.Bxd5 Rad8 31.Qf7 f4 32.exf4 gxf4 33.Qxf4 Re2 34.Bf3 Rd2 35.Be4 Qxa2 36.Qh4 Qg8
37.Bxh7 Bf6 38.Qxf6+ Kxh7 39.Qh4+ Kg6 40.Qe4+  1-0

[Event "3rd Chennai Open"]
[Site "Chennai IND"]
[Date "2011.01.25"]
[Round "10"]
[White "Pradeep,KR"]
[Black "Zherebukh,Y"]
[Result "1-0"]
[WhiteElo "2231"]
[BlackElo "2565"]

1.Nf3 f5 2.c4 Nf6 3.g3 g6 4.Bg2 Bg7 5.O-O O-O 6.d4 d6 7.Nc3 Qe8 8.Bg5 Na6
9.Qd2 Qf7 10.Bxf6 Bxf6 11.Nd5 Bg7 12.Ng5 Qe8 13.Nf4 Bh6 14.h4 e6 15.Nd3 Bg7
16.Nf4 Bh6 17.Nd3 Rb8 18.f4 Bg7 19.e3 h6 20.Nf3 b5 21.c5 b4 22.Rac1 Bb7 23.Nfe1 Be4
24.cxd6 cxd6 25.Bxe4 fxe4 26.Nf2 e5 27.fxe5 dxe5 28.d5 Qb5 29.Qc2 Qxd5 30.Qxe4 Qxa2
31.Ned3 Rb6 32.Ra1 Qe6 33.Rfc1 h5 34.Kg2 Rd6 35.Ra5 Rf7 36.Qa8+ Rf8 37.Qe4 Kh7
38.Nh3 Kh6 39.Nhf2 b3 40.Rc3 Qf7 41.Rc1 Nb4 42.Qxb4 Qf3+ 43.Kh3 Rxd3 44.Nxd3 Qf5+
45.Kg2 Qxd3 46.Qe1 Rf7 47.e4 Qf3+ 48.Kh2 Kh7 49.Rca1 Rc7 50.Rc1 Rf7 51.Rc3 Qg4
52.Rxb3 g5 53.hxg5 h4 54.gxh4 Rf4 55.Ra4 Kg6 56.Re3 Bf8 57.Ra6+ Kh7 58.Qe2 Qc8
59.Qh5+ Kg8 60.Rf6 Bg7 61.Qf7+ Kh8 62.Rxf4 exf4 63.Qxf4 Qc2+ 64.Kg3 Qc1 65.Kg4 Qg1+
66.Kh5 Qd1+ 67.Kg6 Qd8 68.e5  1-0

[Event "Oceania Zonal"]
[Site "Rotorua NZL"]
[Date "2011.01.28"]
[Round "6.16"]
[White "Voon,R"]
[Black "Guo Yuthok,S"]
[Result "1/2-1/2"]
[WhiteElo "1904"]
[BlackElo "1975"]

1.d4 f5 2.g3 Nf6 3.Bg2 g6 4.c4 Bg7 5.Nf3 O-O 6.O-O d6 7.Nc3 Qe8 8.d5 c6 9.Rb1 a5
10.a3 Na6 11.b4 Nc7 12.Be3 Ng4 13.Bd4 Ne5 14.Nxe5 dxe5 15.Bb6 axb4 16.axb4 e4
17.Qb3 Qd7 18.Rfd1 Ne8 19.dxc6 Qxc6 20.Nd5 Kh8 21.b5 Qe6 22.Bd4 Bxd4 23.Rxd4 Qd6
24.e3 Qc5 25.Qb2 Kg8 26.Bf1 Be6 27.Ra1 Nc7 28.Rc1 Rfc8 29.Rdd1 Kf7 30.Nf4 Rd8
31.h4 Rd6 32.Rxd6 exd6 33.Rd1 Rg8 34.Nxe6 Nxe6 35.Rd5 Qb6 36.Qa3 Nc5 37.Qa1 Ke6
38.Qd4 Nd7 39.Qa1 Nc5  1/2-1/2

[Event "Gibraltar Masters"]
[Site "Caleta ENG"]
[Date "2011.02.03"]
[Round "10.36"]
[White "Kolbus,D"]
[Black "Rapport,R"]
[Result "1/2-1/2"]
[WhiteElo "2332"]
[BlackElo "2531"]

1.Nf3 f5 2.g3 Nf6 3.Bg2 g6 4.O-O Bg7 5.d4 O-O 6.c4 d6 7.b3 e5 8.dxe5 Ng4
9.Bb2 Nc6 10.Nc3 Ngxe5 11.Nxe5 Bxe5 12.e3 Be6 13.Qd2 Qd7 14.Rad1 Qg7 15.Ba1 Rae8
16.Rfe1 Kh8 17.Nb5 g5 18.f4 Bxa1 19.Rxa1 a6 20.Nd4 Bd7 21.Rad1 gxf4 22.gxf4 Rf6
23.Kh1 Rg6 24.Bf3 Ne7 25.Ne2 Ng8 26.Ng3 Nf6 27.Rg1 Rg8 28.Rg2 Qh6 29.Rdg1 Qh3
30.Qe2 Ng4 31.Nf1 Bc6 32.Bxc6 Nxh2 33.Qb2+ R8g7 34.Qxg7+ Rxg7 35.Nxh2 Rxg2
36.Bxg2 Qxe3 37.Bxb7 Qxf4 38.Rf1 Qe5 39.Rf2 c6 40.Bc8 f4 41.Bg4 a5 42.Re2 Qa1+
43.Kg2 a4 44.Bf3 axb3 45.axb3 Qg7+ 46.Kf1 Qb7 47.Rb2 Qb6 48.Kg2 Kg7 49.Nf1 Qc5
50.Rd2 h5  1/2-1/2

[Event "Moscow Open E"]
[Site "Moscow RUS"]
[Date "2011.02.04"]
[Round "7"]
[White "Grigoryan,K2"]
[Black "Kovalenko,I"]
[Result "0-1"]
[WhiteElo "2454"]
[BlackElo "2515"]

1.Nf3 f5 2.g3 g6 3.Bg2 Bg7 4.d4 Nf6 5.O-O O-O 6.c4 d6 7.Nc3 Nc6 8.d5 Na5
9.Nd2 c5 10.a3 Ng4 11.Qc2 Ne5 12.b3 a6 13.Bb2 Rb8 14.a4 Bd7 15.e3 Qc7 16.Nd1 Ra8
17.f4 Ng4 18.Bxg7 Kxg7 19.Qc3+ Kg8 20.e4 fxe4 21.Nxe4 Qb6 22.Nd2 Qb4 23.Re1 Qxc3
24.Nxc3 Rae8 25.Re2 Nh6 26.Rae1 Nf5 27.Bh3 Rf7 28.Nce4 Kf8 29.Ng5 Rg7 30.Rb1 Rb8
31.Bxf5 Bxf5 32.Ne6+ Bxe6 33.Rxe6 Ke8 34.Ne4 Kd7 35.b4 cxb4 36.c5 Rc8 37.cxd6 b3
38.Re1 exd6 39.Nf6+ Kc7 40.Ne8+ Rxe8 41.Rxe8 b5 42.axb5 axb5 43.Rb1 Kb6 44.Kf2 Kc5
45.Ke2 Kb4 46.Re3 Rc7 47.Kd1 Rc4 48.Rd3 Re4 49.h3 h6 50.Rf3 h5 51.g4 hxg4
52.hxg4 g5 53.f5 Rxg4 54.f6 Rg1+ 55.Ke2 Rxb1 56.f7 b2 57.f8=Q Nc4 58.Qf5 Rc1
59.Rf1 g4 60.Qd3 g3 61.Rd1 Ka4 62.Qe4 Kb3 63.Qh7 Rxd1 64.Kxd1 g2 65.Qh3+ Ka2
66.Qxg2 Ne3+  0-1

[Event "ch-TUR"]
[Site "Kemer-Antalya TUR"]
[Date "2011.02.07"]
[Round "4"]
[White "Ergene,Mertcan"]
[Black "Afyoncu,O"]
[Result "0-1"]
[WhiteElo "1729"]
[BlackElo "2116"]

1.d4 f5 2.g3 Nf6 3.Bg2 g6 4.Nf3 Bg7 5.c4 O-O 6.O-O d6 7.Nc3 Qe8 8.Qb3 Kh8
9.Rd1 c6 10.Qc2 e5 11.dxe5 dxe5 12.Be3 Nbd7 13.h3 h6 14.b4 e4 15.Nd4 Ne5
16.Na4 g5 17.Rab1 Ng6 18.Bc1 f4 19.g4 Nh4 20.Bb2 e3 21.Qd3 exf2+ 22.Kxf2 Bxg4
23.hxg4 Nxg4+ 24.Kg1 Ne3 25.Be4 Qc8 26.Ne6 Qxe6 27.Bxg7+ Kxg7 28.Qd7+ Qxd7
29.Rxd7+ Rf7 30.Rxf7+ Kxf7 31.Nc5 Rb8 32.b5 cxb5 33.Rxb5 b6 34.Nd3 Re8 35.Re5 Rxe5
36.Nxe5+ Ke6 37.Nc6 a5 38.Bd3 Kd6 39.Nd8 Kc5 40.Nf7 Nxc4 41.Nxh6 Ne5 42.Bc2 Kd4
43.Kf2 g4 44.Bf5 g3+ 45.Kf1 Ke3 46.Ng4+ Nxg4 47.Bxg4 b5 48.Bd7 b4 49.Bb5 Kd2
50.Bc4 a4 51.Bd5 Nf5  0-1

[Event "60th ch-BUL w"]
[Site "Plovdiv BUL"]
[Date "2011.02.11"]
[Round "5"]
[White "Ivanova,Si"]
[Black "Vasileva,V"]
[Result "1-0"]
[WhiteElo "1838"]
[BlackElo "1705"]

1.d4 f5 2.c4 Nf6 3.Nf3 g6 4.g3 Bg7 5.Bg2 O-O 6.O-O d6 7.b3 Qe8 8.Bb2 c6 9.Nbd2 Na6
10.Re1 Ne4 11.a3 Nxd2 12.Qxd2 e5 13.d5 Nc5 14.Qc2 cxd5 15.cxd5 Bd7 16.Nd2 Rc8
17.Nc4 Qe7 18.Qd1 b5 19.Na5 f4 20.e4 Qd8 21.b4 Na4 22.Qb3 Qb6 23.Rf1 Kh8
24.Rac1 f3 25.Bh1 Bh3 26.Rxc8 Bxc8 27.Rc1 Bd7 28.Nc6 Bh6 29.Rc2 Rc8 30.Ne7 Re8
31.Nc6 Rc8 32.Na5 Nc5 33.bxc5 Qxa5 34.Bc3 Qc7 35.cxd6 Qxd6 36.Bxf3 Bf8 37.Bb4  1-0

[Event "TCh-FIN 2010-11"]
[Site "Salo FIN"]
[Date "2011.02.12"]
[Round "6.8"]
[White "Nieminen,S"]
[Black "Prieur,Ee"]
[Result "0-1"]
[WhiteElo "2079"]
[BlackElo "2152"]

1.d4 f5 2.c4 g6 3.g3 Bg7 4.Bg2 Nf6 5.Nf3 O-O 6.O-O d6 7.Nc3 Qe8 8.d5 a5 9.Be3 Na6
10.Qd2 Nc5 11.Nd4 Ng4 12.Bf4 h6 13.h3 Ne5 14.b3 g5 15.Be3 Qh5 16.f4 gxf4
17.Bxf4 Bd7 18.Rae1 a4 19.Kh2 axb3 20.axb3 Ng4+ 21.Kg1 Nf6 22.e3 Nfe4 23.Nxe4 fxe4
24.Qe2 Qg6 25.Kh2 c6 26.Ra1 Nd3 27.Rxa8 Rxa8 28.Rd1 c5 29.Ne6 Bxe6 30.dxe6 Qxe6
31.Bxe4 Qxe4 32.Rxd3 e5 33.Rxd6 exf4 34.gxf4 Ra1 35.Rd8+ Kh7 36.Qd3 Ra2+
37.Kg3 Rg2+ 38.Kh4 Qxd3 39.Rxd3 Kg6 40.f5+ Kxf5 41.Rd6 Rg5  0-1

[Event "Rector Cup 2011"]
[Site "Kharkov UKR"]
[Date "2011.02.15"]
[Round "2"]
[White "Brodsky,M"]
[Black "Firman,N"]
[Result "1/2-1/2"]
[WhiteElo "2554"]
[BlackElo "2551"]

1.d4 f5 2.g3 g6 3.Bg2 Bg7 4.Nf3 Nf6 5.O-O O-O 6.c4 c6 7.d5 d6 8.Nc3 Qe8 9.Rb1 Na6
10.b4 Bd7 11.dxc6  1/2-1/2

[Event "61st ch-RUS w 1st League"]
[Site "Ivanovo RUS"]
[Date "2011.02.22"]
[Round "2"]
[White "Bezgodova,S"]
[Black "Kostrikina,A"]
[Result "1-0"]
[WhiteElo "2195"]
[BlackElo "2079"]

1.Nf3 f5 2.g3 Nf6 3.Bg2 g6 4.O-O Bg7 5.d4 O-O 6.c4 d6 7.Nc3 Qe8 8.d5 Na6
9.Bg5 Nc5 10.Bxf6 Bxf6 11.Nd4 e5 12.dxe6 c6 13.Qd2 Nxe6 14.Nxe6 Bxe6 15.b3 Rd8
16.Rac1 Qf7 17.Rfd1 Rd7 18.Qe3 a6 19.Na4 Re8 20.Qb6 Bd8 21.Qb4 Be7 22.Qd2 Rdd8
23.Nb6 Bf6 24.a4 Qe7 25.e3 Bf7 26.b4 Qe5 27.a5 Kg7 28.Rc2 g5 29.Qd3 Bg6 30.Rcd2 f4
31.exf4 gxf4 32.Qf3 fxg3 33.hxg3 Bg5 34.Rd4 Rf8 35.Qa3 Qe2 36.f4 Bf6 37.R4d2 Qg4
38.b5 Be8 39.bxa6 bxa6 40.c5 d5 41.Nc4 Bh5 42.Nd6 Qd7 43.Re1 Be7 44.Qc3+ Kg8
45.Qe5 Bxd6 46.cxd6 Bg6 47.Rc1 Rfe8 48.Qc3 Qa7+ 49.Qc5 Qxc5+ 50.Rxc5 Rxd6
51.Kf2 Rb8 52.Rxc6 Rxc6 53.Bxd5+ Bf7 54.Bxc6 Rb1 55.Rd8+ Kg7 56.Ra8 Bc4 57.Ra7+ Kg8
58.Re7 Ra1 59.Re5 Ra3 60.Kg2 Kg7 61.Kh3 Kf6 62.Kh4 Ra2 63.g4 Ra3 64.g5+ Kf7
65.f5 Bb5 66.Bxb5 axb5 67.Rxb5 Ra1 68.Rb7+ Kg8 69.Ra7 Rh1+ 70.Kg4 Rf1 71.a6 Ra1
72.Kf4 Ra5 73.Ke4 Kh8 74.f6 Kg8 75.Kf4  1-0

[Event "11th Mediterranean Flower WGM"]
[Site "Rijeka CRO"]
[Date "2011.02.27"]
[Round "2.3"]
[White "Kukic,L"]
[Black "Olsarova,T"]
[Result "0-1"]
[WhiteElo "1764"]
[BlackElo "2216"]

1.c4 f5 2.d4 g6 3.g3 Bg7 4.Bg2 Nf6 5.Nf3 O-O 6.O-O e6 7.Nbd2 d6 8.Re1 Nc6
9.e4 d5 10.cxd5 exd5 11.e5 Ne4 12.h4 Kh8 13.Nf1 Qe7 14.a3 Re8 15.N3h2 Qe6
16.Be3 g5 17.Bxe4 fxe4 18.Bxg5 Rf8 19.Ne3 Qf7 20.Neg4 Ne7 21.Qd2 Ng8 22.Rac1 a5
23.Rc2 a4 24.Qb4 h6 25.Bf4 Qg6 26.Ne3 Rxf4 27.h5 Qg5 28.Nxd5 Rf8 29.Nxc7 Rb8
30.Rxe4 Bf5 31.f4 Qxh5 32.Rce2 Bxe4 33.Rxe4 Qg6 34.Qe1 Qc6  0-1

[Event "27th Open"]
[Site "Cappelle la Grande FRA"]
[Date "2011.03.02"]
[Round "6.51"]
[White "Pogorelov,R"]
[Black "Pinho,P"]
[Result "1-0"]
[WhiteElo "2427"]
[BlackElo "2179"]

1.Nf3 f5 2.d4 Nf6 3.g3 g6 4.Bg2 Bg7 5.c4 O-O 6.O-O d6 7.Nc3 Qe8 8.Nd5 Na6
9.Nxf6+ Rxf6 10.d5 Rf8 11.Nd4 Nc5 12.Be3 a5 13.Nb5 Qd8 14.Bd4 Bxd4 15.Nxd4 e5
16.dxe6 Qf6 17.b3 Kg7 18.Qd2 Bxe6 19.Nb5 Rf7 20.Rad1 a4 21.b4 Ne4 22.Qc2 h6
23.f3 Ng5 24.h4 Nh7 25.f4 Bc8 26.Nc3 a3 27.Nd5 Qb2 28.Qd3 Kh8 29.Rb1 Qg7
30.Rb3 g5 31.hxg5 hxg5 32.fxg5 Qxg5 33.Rxa3 Rxa3 34.Qxa3 c6 35.Nf4 Nf6 36.Qd3 Rg7
37.Qxd6 Kh7 38.Qd4 Ng4 39.Bf3 Nh2 40.Qf2 Nxf1 41.Kxf1 Qxg3 42.Qxg3 Rxg3 43.Kf2 Rg8
44.Ke3 Bd7 45.a4 Kh6 46.a5 Kg5 47.Nd3 Kf6 48.Kd4 Ke7 49.Kc5 Bc8 50.Kb6 Kd6
51.c5+ Kd7 52.Ne5+ Kd8 53.Nf7+ Kd7 54.Nd6 Ke6 55.Nxc8 Rxc8 56.Kxb7  1-0

[Event "5th Agzamov Mem"]
[Site "Tashkent UZB"]
[Date "2011.03.18"]
[Round "1"]
[White "Nodirjanova,N"]
[Black "Kuzubov,Y"]
[Result "0-1"]
[WhiteElo "2171"]
[BlackElo "2627"]

1.d4 f5 2.Nf3 Nf6 3.g3 g6 4.Bg2 Bg7 5.O-O O-O 6.c4 d6 7.Nc3 Qe8 8.d5 Na6
9.Rb1 Nc5 10.b4 Nce4 11.Bb2 e5 12.dxe6 Bxe6 13.Nd2 Nxc3 14.Bxc3 Rb8 15.b5 g5
16.e3 Qg6 17.Bd4 f4 18.a4 fxg3 19.hxg3 Ng4 20.Bf3 Qh5 21.Bxg4 Bxg4 22.f3 Bxd4
23.exd4 Bf5 24.Rb3 Rbe8 25.Rf2 Re7 26.Nf1 Qg6 27.Re2 Ref7 28.Rbe3 Qf6 29.Re8 Kg7
30.Rxf8 Kxf8 31.Re3 h5 32.a5 h4 33.d5 Bh3 34.g4 Bxg4 35.Nh2 Bd7 36.Re4 Bf5
37.Re3 Qb2 38.Nf1 g4 39.fxg4 Bxg4 40.Qe1 Qd4 41.Qc3 Qxc3 42.Rxc3 b6 43.a6 Rf4
44.Rc2 Bf5 45.Rf2 Rxf2 46.Kxf2 Bd3 47.Nd2 Ke7 48.Ke3 h3 49.Kf3 Kf6 50.Kg3 Ke5
51.Nf3+ Ke4 52.Ng5+ Kd4 53.Ne6+ Kxc4 54.Nxc7 Kc5 55.Kxh3 Bxb5 56.Kg4 Bc4
57.Kf4 Bxd5 58.Ke3 Bc4 59.Ne8 Bxa6  0-1

[Event "Kiev Spring 2011"]
[Site "Kiev UKR"]
[Date "2011.03.21"]
[Round "4.4"]
[White "Semenets,Grigory"]
[Black "Omelja,A"]
[Result "0-1"]
[WhiteElo "2128"]
[BlackElo "2298"]

1.d4 f5 2.g3 Nf6 3.Bg2 g6 4.c4 Bg7 5.Nf3 O-O 6.O-O d6 7.Nc3 Nc6 8.d5 Na5
9.b3 Ne4 10.Nxe4 Bxa1 11.Bh6 Bg7 12.Bxg7 Kxg7 13.Qa1+ Kg8 14.Neg5 c5 15.Ne6 Bxe6
16.dxe6 h6 17.Nh4 g5 18.Nf3 Rf6 19.h4 g4 20.Nd2 Nc6 21.e3 Qf8 22.Bd5 Qg7
23.Kg2 Raf8 24.Nb1 Nd8 25.Nc3 Nxe6 26.Ne2 Kh8 27.Bxe6 Rxe6 28.Qxg7+ Kxg7
29.Nf4 Re4 30.Re1 e6 31.f3 gxf3+ 32.Kxf3 Kf6 33.Rd1 Rd8 34.a4 d5 35.cxd5 exd5
36.Rd3 Rxf4+  0-1

[Event "5th Agzamov Mem"]
[Site "Tashkent UZB"]
[Date "2011.03.25"]
[Round "8"]
[White "Alekseev,Evgeny"]
[Black "Dzhumaev,M"]
[Result "0-1"]
[WhiteElo "2688"]
[BlackElo "2465"]

1.d4 f5 2.g3 Nf6 3.Bg2 g6 4.Nf3 Bg7 5.O-O O-O 6.c4 d6 7.Nc3 Qe8 8.d5 Na6
9.Nd4 Bd7 10.e4 fxe4 11.Nxe4 Nxe4 12.Bxe4 c6 13.Be3 Nc7 14.Rc1 c5 15.Ne2 a5
16.b3 b5 17.Nf4 bxc4 18.bxc4 Rb8 19.Qd3 Qf7 20.Rb1 Qf6 21.h4 Qc3 22.Qe2 Qe5
23.Bd3 a4 24.h5 g5 25.Ng2 Bf5 26.Qc2 Bxd3 27.Qxd3 Rxb1 28.Rxb1 Ne8 29.Re1 Qc3
30.Qe4 h6 31.Rb1 Nf6 32.Qxe7 Qc2 33.Rc1 Qxa2 34.Qxd6 Qb2 35.Ne1 Re8 36.Qxc5 Ng4
37.Qb5 Rxe3 38.Qxb2 Bxb2 39.Rb1 a3  0-1

[Event "Karposh Open"]
[Site "Skopje MKD"]
[Date "2011.04.03"]
[Round "2"]
[White "Drenchev,P"]
[Black "Pancevski,F"]
[Result "1/2-1/2"]
[WhiteElo "2517"]
[BlackElo "2395"]

1.d4 f5 2.g3 Nf6 3.Bg2 g6 4.Nf3 Bg7 5.O-O O-O 6.c4 d6 7.Nc3 Qe8 8.b3 e5 9.dxe5 dxe5
10.Bb2 c6 11.Qd6 e4 12.Nd4 Qd8 13.Qxd8 Rxd8 14.Rad1 Na6 15.f3 Re8 16.fxe4 Nxe4
17.Nxe4 fxe4 18.Bc1 Nb4 19.a3 Na2 20.Be3 Nc3 21.Rd2 Bg4 22.Re1 Rad8 23.Bf1 c5
24.Nc2 Rxd2 25.Bxd2 e3 26.Bc1 Bf5 27.Nxe3 Bd4 28.Kf2 Bc2 29.Kf3 Bxb3 30.h4 b6
31.Bh3 Bxe3 32.Bxe3 Bxc4 33.Bd7 Re7 34.Bc6 Re6 35.Bb7 Re7 36.Bc6 Re6 37.Bb7 Bd5+
38.Bxd5 Nxd5 39.Bg5 Nc3 40.e4 Kf7 41.Re3 Nb5 42.e5 Re8 43.Ke4 Nd4 44.Kd5 h6
45.Bf6 Nf5 46.Rf3 h5 47.Bg5 c4 48.Rf4 b5 49.g4 hxg4 50.Rxg4 c3 51.a4 c2 52.e6+ Rxe6
53.axb5 Rd6+ 54.Kc5 Rd8 55.Rc4 Rc8+ 56.Kb4 Rxc4+ 57.Kxc4 Nxh4 58.Kd3 Nf5
59.Kxc2 Nd6 60.Kb3 Nxb5 61.Be3 Ke6 62.Kb4 a6 63.Ka5 Nc7 64.Bh6 Kf5 65.Kb6 g5
66.Kxc7 a5 67.Kb6 a4 68.Bf8  1/2-1/2

[Event "Karposh Open"]
[Site "Skopje MKD"]
[Date "2011.04.07"]
[Round "7"]
[White "Antic,De"]
[Black "Pancevski,F"]
[Result "1-0"]
[WhiteElo "2488"]
[BlackElo "2395"]

1.d4 f5 2.g3 Nf6 3.Bg2 g6 4.Nf3 Bg7 5.O-O O-O 6.c4 d6 7.Nc3 Qe8 8.d5 Na6
9.Rb1 Bd7 10.b4 c6 11.dxc6 bxc6 12.b5 cxb5 13.cxb5 Nc5 14.a4 Rc8 15.Bb2 h6
16.Nd4 Qf7 17.Nc6 Rc7 18.Ba3 Nce4 19.Nxe4 fxe4 20.Nxe7+ Qxe7 21.Bxd6 Qd8
22.Bxf8 Qxf8 23.a5 Be6 24.b6 axb6 25.axb6 Rb7 26.Qa4 Bd5 27.Rfd1 Qf7 28.h3 Qe6
29.Qa5 Kh7 30.Qc5 Rf7 31.e3 Bb7 32.Qd6 Qa2 33.Ra1 Qb3 34.Rdb1 Qc2 35.Rc1 Qb2
36.Rab1 Qa2 37.Qd1 Nd5 38.Qc2 Qxc2 39.Rxc2 Be5 40.Rb5 Bb8 41.Rd2 Nc3 42.Ra5 Re7
43.Rd8 Ne2+ 44.Kh2  1-0

[Event "Norsk Open A"]
[Site "Fagernes NOR"]
[Date "2011.04.17"]
[Round "7"]
[White "Pham,To"]
[Black "Bosch,Je"]
[Result "0-1"]
[WhiteElo "2086"]
[BlackElo "2424"]

1.d4 f5 2.c4 Nf6 3.g3 g6 4.Bg2 Bg7 5.Nf3 O-O 6.O-O d6 7.b3 c6 8.Bb2 Na6 9.Nbd2 Rb8
10.Ne1 e5 11.e4 Nxe4 12.Nxe4 fxe4 13.Bxe4 d5 14.Bg2 e4 15.Nc2 Be6 16.cxd5 cxd5
17.f3 exf3 18.Rxf3 Re8 19.Re3 Qd7 20.Ne1 Bg4 21.Rxe8+ Rxe8 22.Nf3 Bh6 23.Bc1 Bg7
24.Bf4 Nb4 25.Be5 Bh6 26.Kh1 Bf5 27.Ne1 Nc6 28.Nd3 Bxd3 29.Qxd3 Nxe5 30.dxe5 Rxe5
31.Rd1 d4 32.Qc4+ Kh8 33.Rxd4 Re1+ 34.Bf1 Rxf1+ 35.Kg2 Rg1+ 36.Kf2 Qf5+ 37.Kxg1 Be3+
38.Kg2 Qf2+  0-1

[Event "Norsk Open A"]
[Site "Fagernes NOR"]
[Date "2011.04.17"]
[Round "9"]
[White "Mihajlov,Sebastian"]
[Black "Aulin Jansson,J"]
[Result "1/2-1/2"]
[WhiteElo "1871"]
[BlackElo "2232"]

1.d4 f5 2.c4 Nf6 3.g3 g6 4.Bg2 Bg7 5.Nf3 O-O 6.O-O d6 7.b3 Qe8 8.Bb2 h6 9.e3 g5
10.d5 c5 11.Na3 a6 12.h4 Qh5 13.Nc2 f4 14.exf4 gxf4 15.gxf4 Ng4 16.Bxg7 Kxg7
17.Qe2 Rf7 18.Ne3 Rxf4 19.Nh2 Qxh4 20.Nhxg4 Bxg4 21.Nxg4 Rxg4 22.Rae1 Kf8
23.Qe6 Qg5 24.Qc8+ Kg7 25.f4 Rxg2+ 26.Kh1 Qh4+ 27.Kxg2 Nc6 28.Qxa8 Qg4+ 29.Kf2 Qxf4+
30.Kg2 Qg4+ 31.Kf2 Qf4+ 32.Ke2 Qe4+ 33.Kf2 Qf4+ 34.Ke2 Qe4+ 35.Kf2  1/2-1/2

[Event "17th Schloss Open A"]
[Site "Werther GER"]
[Date "2011.04.17"]
[Round "6"]
[White "Atkinson,P"]
[Black "Schaffarczyk,A"]
[Result "1/2-1/2"]
[WhiteElo "2193"]
[BlackElo "2118"]

1.d4 f5 2.g3 Nf6 3.Bg2 g6 4.Nf3 Bg7 5.O-O O-O 6.c4 d6 7.Nc3 c6 8.d5 e5 9.dxe6 Bxe6
10.b3 Na6 11.Ng5 Qe7 12.Ba3 Nc5 13.Qc2 Rfe8 14.Rad1 Rad8 15.Bxc5 dxc5 16.Nxe6 Qxe6
17.Rxd8 Rxd8 18.Rd1 Re8 19.e3 Ng4 20.Ne2 Bf6 21.Nf4 Qf7 22.Nd3 Qe7 23.Bf3 Nh6
24.Nf4 Nf7 25.Rd2 Ne5 26.Qd1 Bg5 27.Ng2 Rd8 28.Rxd8+ Qxd8 29.Qxd8+ Bxd8 30.Be2 Kf7
31.f4 Nd7 32.g4 Ke6 33.gxf5+ Kxf5 34.Bd3+ Kg4 35.Kf2 Nf8 36.Be2+ Kh3 37.Kg1 Ba5
38.Bd3 Kg4 39.Kf2 Kh3 40.f5 gxf5 41.Bxf5+ Kxh2 42.Nh4 Be1+ 43.Kxe1 Kg3 44.Bxh7 Nxh7
45.Nf5+ Kf3 46.Kd2 Nf6 47.Nd6 b6 48.Kd3 Nd7 49.Nc8 a5 50.a4 Ne5+ 51.Kd2 Nd7
52.Ne7 Ne5 53.Nf5 Ke4 54.Ng3+ Kf3 55.Nf5 Ke4 56.Ne7 Kf3 57.Nc8 Nd7 58.Nd6 Ne5
59.e4 Kf4 60.Ke2 Nd7 61.Kd3 Kf3 62.Nf7 Kf4 63.Nd6  1/2-1/2

[Event "Caissa IM April 2011"]
[Site "Kecskemet HUN"]
[Date "2011.04.22"]
[Round "7.2"]
[White "Meszaros,Gyu"]
[Black "Varga,Kl"]
[Result "1/2-1/2"]
[WhiteElo "2422"]
[BlackElo "2148"]

1.d4 f5 2.Nf3 Nf6 3.c4 g6 4.g3 Bg7 5.Bg2 O-O 6.O-O d6 7.Nc3 Qe8 8.Nd5 Nxd5
9.cxd5 Nd7 10.Bg5 h6 11.Be3 Nb6  1/2-1/2

[Event "ch-RUS Rapid Women"]
[Site "Olginka RUS"]
[Date "2011.04.26"]
[Round "7"]
[White "Shaidullina,S"]
[Black "Semenova,E"]
[Result "0-1"]
[WhiteElo "2178"]
[BlackElo "2170"]

1.d4 f5 2.c4 Nf6 3.Nf3 g6 4.g3 Bg7 5.Bg2 O-O 6.O-O d6 7.b3 e5 8.dxe5 dxe5
9.Nxe5 Ne4 10.f4 Nc6 11.Bb2 Qd6 12.Ba3 Qxd1 13.Rxd1 Re8 14.Nd2 Nxe5 15.Nxe4 Nxc4
16.bxc4 Bxa1 17.Ng5 Bf6 18.Bd5+ Kg7 19.Kf2 h6 20.Nf3 c6 21.e4 fxe4 22.Ne5 cxd5
23.cxd5 e3+ 24.Ke1 Rxe5 25.fxe5 Bxe5 26.d6 Bd7 27.Rd5 Kf6 28.Bc1 Bc3+ 29.Ke2 Bc6
30.Rd1 Ba4 31.Rd5 Ke6 32.Rc5 Bd4 33.Ra5 b5 34.Ra6 Rc8 35.Bxe3 Rc2+ 36.Kd3 Bxe3
37.Kxe3 Rxh2 38.Rxa7 g5 39.d7 Ke7 40.a3 Ra2 41.Kd4 Rxa3 42.g4 Rg3 43.Kc5 Rxg4
44.Kc6 Rc4+ 45.Kd5 Rc1 46.Ra6 Bb3+ 47.Ke5 Rc5+ 48.Ke4 h5 49.Rd6 Kd8 50.Rh6 h4
51.Rd6 Rd5 52.Rh6 Kxd7 53.Rh7+ Kc6 54.Rh6+ Rd6 55.Rh8 g4 56.Rxh4 Rg6 57.Kf5 Bc2+
58.Kf4 g3 59.Rh1 g2 60.Rg1 Bb3 61.Ke5 Bd5 62.Rc1+ Kb6 63.Rg1 Bb7 64.Kf4 Rh6
65.Kg3 Rh1  0-1